000 00460nam a22001817a 4500
003 NUST - PNEC
005 20170116180923.0
008 150904b xxu||||| |||| 00| 0 eng d
020 _a8122415911
040 _cLIBRARY
082 _a621.11 SIN
100 _97807
_aSingh, Onkar
245 _aIntroduction to mechanical engineering
_cOnkar Singh
250 _a5th ed.
260 _cc.2005
650 _97810
_bMechanical Engineering
_xME
942 _2ddc
_cBK
999 _c65687
_d65687